00842cam a22002771 4500001001300000003000400013005001700017008004100034010001700075025002000092040002800112050001600140082001200156100003300168245006800201260004900269300001900318350000900337500008200346504003000428650002400458650001600482650001500498600003400513999001700547sa 68008829 DLC20260227112537.0711028s1967 ii b 000 0 eng  asa 68008829  aPL480:I-E-10469 aDLCcDLCdDLCdWaUdDLC00aJC273b.D5700a320/.011 aDoctor, Adi Hormusji,d1936-10aSarvodaya;ba political and economic studyc[by] Adi H. Doctor. aBombay,aNew York,bAsia Pub. Housec[c1967] a229 p.c23 cm. aRs24 a"Approved for the ... Ph.D. degree ... of the Marathwada University in 1964." aBibliography: p. 215-226. 0aSarvodaya movement. 0aState, The. 0aEconomics.10aGandhi,cMahatma,d1869-1948. c82598d82598